Normal view MARC view
  • MS-CSE-13

Entry Topical Term

Number of records used in: 1

001 - CONTROL NUMBER

  • control field: 84883

003 - CONTROL NUMBER IDENTIFIER

  • control field: NUST

005 - DATE AND TIME OF LATEST TRANSACTION

  • control field: 20211122122139.0

008 - FIXED-LENGTH DATA ELEMENTS

  • fixed length control field: 211122|| aca||aabn | a|a d

040 ## - CATALOGING SOURCE

  • Original cataloging agency: NUST
  • Transcribing agency: NUST

150 ## - HEADING--TOPICAL TERM

  • Topical term or geographic name entry element: MS-CSE-13

670 ## - SOURCE DATA FOUND

  • Source citation: Work cat.: (NUST)577090: Muhammad Zubair Khan, 84881, TH-SOF-1201-TOWARDS SERVICE EVALUATION AND RANKING MODEL FOR CLOUD INFRASTRUCTURE SELECTION, 2015
© 2023 Central Library, National University of Sciences and Technology. All Rights Reserved.